| 000 | 00896nam a22001937a 4500 | ||
|---|---|---|---|
| 005 | 20250106174014.0 | ||
| 010 | _aHIN-129123 | ||
| 020 |
_a9788193445990 _c425.00 |
||
| 035 | _aHN-101469 | ||
| 037 | _bDBAD | ||
| 082 | _aउ | ||
| 100 |
_aइन्द्रा _975946 |
||
| 245 |
_aमहाराष्ट्र के युग प्रर्वतक सन्त ज्ञानेशवर/ _cइन्द्रा |
||
| 250 | _aप्रथम | ||
| 260 |
_aदिल्ली _bएस.पी. कोशिक इंटरप्राइज़ेज _c2023 |
||
| 270 |
_aए-49 भू -तल, गली नं .6 जगतपुरी एक्सटेंशन , दिल्ली _b दिल्ली _e110093 _k9873620352 _mspkaushikenterprises@gmail.com |
||
| 300 |
_a144पृ. _c22 सेमी (सजिल्द) |
||
| 942 |
_2ddc _cHN _hउ _mइन्द्रा |
||
| 999 |
_c208059 _d208059 |
||